000 00575nam a2200205Ia 4500
005 20231211105918.0
008 131103s9999 xx 000 0 und d
020 _a8172230435
_cRs.30
040 _aLoreto College
041 _aEnglish
082 _a425
_bMIT
100 _aMitchell,John
245 _aHow to Write Reports,
_cJohn Mitchell
260 _aNew Delhi
_bAn imprint of Harper Collins Publisher India Pvt. Ltd.
_c1974
300 _a157 p.
504 _aIncludes index
650 _aReport writing - Communicative English
850 _aLCLIB
942 _cBK
999 _c6324
_d56803